Relación de la solemne ceremonia celebrada para la inhumación de los restos mortales del cardenal don fray Francisco Ximénez de Cisneros en su sepulcro de la Iglesia Magistral de Alcalá de Henares el día 27 de abril de 1857 / (Record no. 154374)

MARC details
000 -LEADER
campo de control de longitud fija 00991nam a2200205 i 4500
001 - NÚMERO DE CONTROL
campo de control 154374
003 - IDENTIFICADOR DE NÚMERO DE CONTROL
campo de control ES-MaACL
005 - FECHA Y HORA DE LA ÚLTIMA TRANSACCIÓN
campo de control 20251015145631.0
008 - DATOS DE LONGITUD FIJA--INFORMACIÓN GENERAL
campo de control de longitud fija 021118s1857 sp |||| | spa d
080 ## - NÚMERO DE LA CLASIFICACIÓN DECIMAL UNIVERSAL
Número de la Clasificación Decimal Universal 929 Jiménez de Cisneros, Francisco
100 1# - ENTRADA PRINCIPAL--NOMBRE DE PERSONA
Nombre de persona Goicoerrotea, Román.
9 (RLIN) 127357
245 10 - MENCIÓN DEL TÍTULO
Título Relación de la solemne ceremonia celebrada para la inhumación de los restos mortales del cardenal don fray Francisco Ximénez de Cisneros en su sepulcro de la Iglesia Magistral de Alcalá de Henares el día 27 de abril de 1857 /
Mención de responsabilidad, etc. escrita por Román Goicoerrotea.
260 ## - PUBLICACIÓN, DISTRIBUCIÓN, ETC.
Lugar de publicación, distribución, etc. Madrid :
Nombre del editor, distribuidor, etc. [s.n.],
Fecha de publicación, distribución, etc. 1857 (
Fabricante Estab. Tip. de A. Vicente)
300 ## - DESCRIPCIÓN FÍSICA
Extensión 52 p. ;
Dimensiones 24 cm.
530 ## - NOTA DISPONIBLE DE FORMULARIO FÍSICO ADICIONAL
Nota de formato físico adicional disponible Disponible en formato digital.
600 14 - PUNTO DE ACCESO ADICIONAL DE MATERIA--NOMBRE DE PERSONA
Nombre de persona Jiménez de Cisneros, Francisco,
Fechas asociadas al nombre 1436-1517
9 (RLIN) 66495
852 4# - LOCALIZACIÓN
Ubicación ES-MaACL
Número de control de estantería T-10-F-8
Nota libre - Enc. hol.
-- - Enc. en un v. facticio
856 4# - LOCALIZACIÓN Y ACCESO ELECTRÓNICOS
Identificador Uniforme de Recursos <a href="http://bdh-rd.bne.es/viewer.vm?id=0000247104&page=1 ">http://bdh-rd.bne.es/viewer.vm?id=0000247104&page=1 </a>
Nota pública Biblioteca Digital Hispánica
Holdings
Estatus retirado Estado de pérdida Estado de daño No para préstamo Colección Biblioteca de origen Biblioteca actual Ubicación en estantería Fecha de adquisición Total de préstamos Signatura topográfica completa Código de barras Visto por última vez Precio de reemplazo Tipo de ítem Koha
        Colección de folletos Biblioteca del Ateneo de Madrid Biblioteca del Ateneo de Madrid Depósito folletos 17/01/2008   T-10-F-8 1161434 23/02/2023 23/02/2023 Folleto